Google Translate Languages with a Map - Statistics

General Stats
  • This quiz has been taken 439 times
  • The average score is 122 of 249
Answers on the Map
Answers color-coded by a green-red scale on the quiz's map according to % correct below.
 
Answer Stats
Answer % Correct
English
99%
French (Canadian)
99%
French
98%
Spanish
98%
Portuguese (Brazil)
97%
Portuguese (Portugal)
97%
Irish
96%
German
94%
Dutch
93%
Swedish
93%
Arabic
92%
Danish
92%
Icelandic
92%
Russian
92%
Turkish
92%
Finnish
91%
Greek
91%
Italian
91%
Norwegian
91%
Ukrainian
91%
Japanese
90%
Polish
90%
Welsh
90%
Chinese (Simplified)
89%
Chinese (Traditional)
89%
Estonian
89%
Korean
89%
Latvian
89%
Lithuanian
89%
Belarusian
88%
Croatian
88%
Czech
88%
Hebrew
88%
Romani
88%
Catalan
87%
Romanian
87%
Serbian
87%
Slovak
87%
Albanian
86%
Ga
86%
Hindi
86%
Hmong
86%
Persian
86%
Slovenian
86%
Armenian
85%
Basque
85%
Hungarian
85%
Indonesian
85%
Malay
85%
Bosnian
84%
Georgian
84%
Maltese
84%
Azerbaijani
83%
Kazakh
83%
Filipino
82%
Mongolian
82%
Thai
82%
Vietnamese
82%
Sicilian
81%
Bengali
80%
Bulgarian
80%
Macedonian
80%
Malay (Jawi)
80%
Turkmen
80%
Uzbek
80%
Luxembourgish
79%
Tajik
79%
Urdu
79%
Kyrgyz
78%
Pashto
78%
Afrikaans
77%
Corsican
77%
Zulu
77%
Cantonese
76%
Khmer
76%
Maori
76%
Lao
75%
Myanmar (Burmese)
75%
Tamil
75%
Haitian Creole
74%
Kurdish (Kurmanji)
74%
Kurdish (Sorani)
74%
Swahili
74%
Crimean Tatar (Cyrillic)
73%
Crimean Tatar (Latin)
73%
Latin
72%
Nepali
72%
Somali
72%
Galician
71%
Hawaiian
70%
Amharic
69%
Breton
69%
Xhosa
69%
Fijian
68%
Kalaallisut
68%
Punjabi (Gurmukhi)
68%
Punjabi (Shahmukhi)
68%
Sami (North)
68%
Quechua
67%
Samoan
67%
Faroese
66%
Malagasy
65%
Igbo
64%
Javanese
64%
Manx
64%
Dzongkha
62%
Tongan
60%
Frisian
58%
Occitan
58%
Uyghur
58%
Venetian
58%
Yoruba
57%
Chechen
56%
Sesotho
55%
Guarani
54%
Gujarati
54%
Scots Gaelic
54%
Tatar
54%
Sinhala (Sinhalese)
53%
Abkhaz
50%
Marathi
50%
Seychellois Creole
50%
Telugu
50%
Tibetan
50%
Marshallese
49%
Ossetian
49%
Sepedi
49%
Kinyarwanda
48%
Nahuatl (Eastern Huasteca)
48%
Tswana
48%
Hausa
47%
Swati
47%
Tigrinya
47%
Yucatec Maya
47%
Kannada
46%
Rundi
45%
Lombard
44%
Oromo
44%
Mauritian Creole
43%
Aymara
42%
Silesian
42%
Malayalam
41%
Ligurian
40%
Tok Pisin
38%
Assamese
37%
Baluchi
37%
Sindhi
37%
Cebuano
35%
Sundanese
35%
Wolof
35%
Yiddish
35%
Balinese
33%
Jamaican Patois
33%
Afar
32%
Friulian
32%
Kikongo
31%
Luganda
31%
Meadow Mari
30%
Tamazight
30%
Fulani
29%
Ndebele (South)
29%
Odia (Oriya)
29%
Shona
29%
Tamazight (Tifinagh)
29%
Yakut
29%
Bashkir
28%
Chuvash
27%
Dhivehi
27%
Tahitian
25%
Tuvan
25%
Udmurt
25%
Dari
24%
Inuktut (Latin)
24%
Inuktut (Syllabics)
24%
Komi
24%
Twi (Akan)
24%
Chichewa
23%
Lingala
23%
Sanskrit
23%
Tsonga
23%
Bambara
22%
Venda
22%
Tetum
21%
Avar
20%
Buryat
20%
Sango
19%
Bhojpuri
18%
Acehnese
17%
Limburgish
17%
Maithili
17%
Esperanto
16%
Shan
16%
Chamorro
15%
Dinka
15%
Konkani
15%
Ewe
14%
Ilocano
14%
Meiteilon (Manipuri)
14%
Papiamento
14%
Chuukese
12%
Makassar
12%
Mizo
12%
Madurese
10%
Awadhi
9%
Nuer
9%
Batak Toba
8%
Bemba
8%
Tulu
8%
Zapotec
8%
Batak Karo
7%
Batak Simalungun
7%
Dogri
7%
Fon
7%
Hiligaynon
7%
Hunsrik
7%
Kanuri
7%
Krio
7%
Luo
7%
Marwadi
7%
Tiv
7%
Betawi
6%
Bikol
6%
Khasi
6%
Mam
6%
Santali (Latin)
6%
Santali (Ol Chiki)
6%
Waray
6%
Kituba
5%
Latgalian
5%
Minang
5%
Nepalbhasa (Newari)
5%
Q'eqchi'
5%
Acholi
4%
Alur
4%
Baoulé
4%
Dyula
4%
Iban
4%
Kapampangan
4%
Tshiluba
4%
Dombe
3%
Hakha Chin
3%
Jingpo
3%
Kokborok
3%
NKo
3%
Pangasinan
3%
Susu
3%
Ndau
2%
Kiga
1%
Tumbuka
1%
No matching quizzes found
Score Distribution
Percent of People with Each Score
Percentile by Number Answered
Your Score History
You have not taken this quiz